00471nam a2200181Ia 450000500170000000800410001702000220005804100080008008200160008810000140010424500290011826000430014730000210019044000060021150000290021765000290024670000140027520230328125950.0230125s9999 xx 000 0 und d a978-93-325-8712-0 aeng a302.35bJAM aJames P S aOrganisational Behaviour c2017bPearson EducationaUttar Pradesh a699pcPaper Back v2 aOrganizational Behaviour aOrganizational Behaviour aJames P S